Derecho agrario /

Guardado en:
Autor Principal: Facciano, Luis A.
Formato: Libro
Idioma:Spanish
Publicado: Rosario : Nova tesis Editorial Jurídica, 2006
Edición:1a. ed.
Materias:
Etiquetas: Agregar Etiqueta
Sin Etiquetas, Sea el primero en etiquetar este registro!
LEADER 00453nam a22001575a 4500
001 DER.der002415
008 180615s2006####ag#||||||||||||||#||spa||
005 20251218185117.0
245 1 0 |a Derecho agrario /  |c Luis A. Facciano 
250 |a 1a. ed. 
260 |a Rosario :  |b Nova tesis Editorial Jurídica,  |c 2006 
300 |a 437 p. 
020 |a 9871087748 
100 1 |a Facciano, Luis A. 
650 7 |a DERECHO AMBIENTAL 
859 |a DERECHO  |b BIB. DERECHO  |h 343.076  |i FAC  |p 004555